Biblioteca

Más allá de la psiquiatría / Abraham Genis, Miguel Angel Brun (Registro nro. 32345)

Detalles MARC
000 -LÍDER
Campo fijo de descripción fija 011960000a22001930004500
041 0# - CÓDIGO DE IDIOMA
Código de idioma para texto/pista de sonido o título separado
082 04 - NÚMERO DE CLASIFICACIÓN DECIMAL DEWEY
Número de clasificación G 150.13 G331m
001 - NÚMERO DE CONTROL
Campo de control 953
100 1# - ASIENTO PRINCIPAL--NOMBRE PERSONAL
Nombre personal Genis, Abraham
245 10 - TÍTULO
Título del Material Más allá de la psiquiatría / Abraham Genis, Miguel Angel Brun
260 ## - PUBLICACIÓN, DISTRIBUCIÓN, ETC. (PIE DE IMPRENTA)
Lugar de publicación, distribución, etc. Buenos Aires, Argentina : La Aurora
300 ## - DESCRIPCIÓN FÍSICA
Extensión 198 Pag.
336 ## - CONTENT TYPE
Content type term texto
Content type code txt
Source rdacontent
337 ## - MEDIA TYPE
Source rdamedia
Media type term sin mediación
Media type code n
338 ## - CARRIER TYPE
Source rdacarrier
Carrier type term volumen
Carrier type code nc
505 00 - NOTA DE CONTENIDO
Nota de contenido con formato preestablecido el hombre y la idea de Dios, por el Dr. Abraham Genis -- esquema del fenómeno humano: desde el cuerpo humano has la idea de Dios -- libertad, determinismo y su equilibrio (ELD) -- de la evolución del hombre a la idea de Dios -- los mecanismos de decisión y la idea de Dios -- síntesis de la idea de Dios en el hombre -- realización práctica de la idea de Dios, la fe y los sentimientos religiosos de la asistencia psiquiátrica -- promesas y esperanza de un nuevo encuentro: ciencia y fe al servicio del hombre -- la terapia en el nivel espiritual de la personalidad -- una confrontación de las ideas de "hombre mecánico" y "hombre total" a la luz de las investigaciones actuales
650 14 - ASIENTO SECUNDARIO DE MATERIA - TERMINO TEMÁTICO
Término temático o nombre geográfico como elemento de entrada PSICOLOGIA PASTORAL
942 ## - TIPO DE MATERIAL (KOHA)
Tipo de Item KOHA Libros General
Existencias
Estado de Material Estado de Perdido Estado de Dañado No para Préstamo Colección Tomo Biblioteca de Origen Biblioteca Permanente Fecha de Adquisición Total de Préstamos Signatura Topográfica Código de Barras Última vez visto Ejemplar/Existencia Fecha de Remplazo Tipo de Material
        Colección General   Biblioteca FUSBC Biblioteca FUSBC 29/09/2004   G 150.13 G331m 336 12/12/2019 1 26/01/2016 Libros General

Biblioteca FUSBC | Teléfono: (57+4) 349 88 10 Ext. 141| WhatsApp (+57) 3005338115 
E-mail: biblioteca@unisbc.edu.co | Calle 76 87-14 Robledo Palenque, Medellín, Colombia

Con tecnología Koha